[Event "BL 1112 SV Hockenheim - Solinger SG"]
[Site "Mülheim"]
[Date "2011.10.16"]
[Round "3.8"]
[White "Rau, Hannes"]
[Black "Hoffmann, Michael"]
[Result "1/2-1/2"]
[WhiteElo "2464"]
[BlackElo "2496"]
[PlyCount "42"]
[EventDate "2011.10.14"]

1. c4 e5 2. Nc3 Nf6 3. Nf3 Nc6 4. e4 Bc5 5. Nxe5 Nxe5 6. d4 Bb4 7. dxe5 Nxe4 8.
Qd4 Nxc3 9. bxc3 Be7 10. Qg4 g6 11. Bh6 d6 12. Qf4 Qd7 13. Be2 Qf5 14. exd6
Qxf4 15. Bxf4 Bxd6 16. Bxd6 cxd6 17. O-O-O Ke7 18. Rhe1 Be6 19. Bf3 Rac8 20.
Bxb7 Rxc4 21. Re3 Kd7 1/2-1/2

[Event "BL 1112 SV Wattenscheid - SK König Tege"]
[Site "Mülheim"]
[Date "2011.10.16"]
[Round "3.1"]
[White "Rabiega, Robert"]
[Black "Najer, Evgeniy"]
[Result "1/2-1/2"]
[WhiteElo "2501"]
[BlackElo "2637"]
[PlyCount "39"]
[EventDate "2011.10.14"]

1. e4 c6 2. d4 d5 3. Nd2 dxe4 4. Nxe4 Bf5 5. Ng3 Bg6 6. Nf3 Nd7 7. Bd3 e6 8.
O-O Ngf6 9. Re1 Be7 10. Ne5 Bxd3 11. Nxd3 O-O 12. c3 a5 13. Qe2 Re8 14. Bf4 a4
15. a3 Qa5 16. Rad1 c5 17. dxc5 Nxc5 18. Nxc5 Qxc5 19. Be5 Red8 20. Bxf6
1/2-1/2

[Event "BL 1112 SV Wattenscheid - SK König Tege"]
[Site "Mülheim"]
[Date "2011.10.16"]
[Round "3.2"]
[White "Macieja, Bartlomiej"]
[Black "Stern, Rene"]
[Result "0-1"]
[WhiteElo "2613"]
[BlackElo "2506"]
[PlyCount "158"]
[EventDate "2011.10.14"]

1. c4 e6 2. Nc3 d5 3. d4 Nf6 4. cxd5 exd5 5. Bg5 c6 6. e3 Bf5 7. Qf3 Bg6 8.
Bxf6 Qxf6 9. Qxf6 gxf6 10. Nf3 Nd7 11. Nh4 Bb4 12. Rc1 Nb6 13. a3 Bxc3+ 14.
Rxc3 Nc8 15. g3 Nd6 16. Be2 a5 17. a4 Ke7 18. O-O f5 19. Ng2 f6 20. Nf4 Be8 21.
Nd3 Bd7 22. Rfc1 Ra7 23. Nf4 Rg8 24. Kf1 Ne4 25. R3c2 Nd6 26. Bd3 Be8 27. f3
Bf7 28. Rg2 h5 29. Kf2 Raa8 30. Be2 Rge8 31. Rgg1 Rh8 32. h4 Rhe8 33. Bd3 Rg8
34. Rc3 Kd7 35. Ne2 Be6 36. Nc1 Rgc8 37. Nb3 b6 38. Rgc1 Rc7 39. R1c2 Rac8 40.
Ba6 Ra8 41. Bf1 Rac8 42. Nc1 c5 43. dxc5 bxc5 44. Ba6 Ra8 45. Bb5+ Nxb5 46.
axb5 c4 47. Ne2 Kd6 48. Ra3 Rc5 49. Nd4 Bd7 50. Rc1 a4 51. Rca1 Bxb5 52. Nxf5+
Ke5 53. Nd4 Bd7 54. Rd1 Rb8 55. Rd2 f5 56. Ne2 Rb3 57. Ra2 Ra5 58. Nd4 Rb6 59.
Ke1 Ra8 60. Ne2 Rb3 61. Kf2 Ra5 62. Nd4 Rb6 63. Ke1 Ra8 64. Kd1 Rg8 65. Rg2 Kd6
66. Kc2 Kc5 67. Ne2 Rb3 68. Nc3 f4 69. Rd2 fxg3 70. Rxd5+ Kc6 71. Rd1 g2 72.
Rg1 Kc5 73. Ne4+ Kb4 74. Nc3 Rg3 75. Raa1 Bc6 76. e4 a3 77. bxa3+ Kc5 78. Nd5
Rbxf3 79. Rad1 Ba4+ 0-1

[Event "BL 1112 SV Wattenscheid - SK König Tege"]
[Site "Mülheim"]
[Date "2011.10.16"]
[Round "3.3"]
[White "Richter, Michael"]
[Black "Bartel, Mateusz"]
[Result "1/2-1/2"]
[WhiteElo "2484"]
[BlackElo "2627"]
[PlyCount "113"]
[EventDate "2011.10.14"]

1. d4 Nf6 2. c4 e6 3. Nc3 Bb4 4. f3 O-O 5. a3 Bxc3+ 6. bxc3 d5 7. cxd5 exd5 8.
e3 Nh5 9. g3 b6 10. c4 f5 11. cxd5 Qxd5 12. Nh3 Ba6 13. Bxa6 Nxa6 14. O-O c6
15. Nf2 Nf6 16. Qd3 Nc7 17. e4 fxe4 18. fxe4 Qb5 19. Qxb5 Nxb5 20. Bb2 Rad8 21.
Rfd1 Nd6 22. d5 c5 23. Re1 Nc4 24. Bxf6 gxf6 25. Nd3 Rfe8 26. Ra2 f5 27. exf5
Rxe1+ 28. Nxe1 Rxd5 29. g4 h5 30. h3 hxg4 31. hxg4 Ne3 32. Re2 Nxg4 33. Re7 Re5
34. Rxe5 Nxe5 35. Kf2 Kf7 36. Ke3 Nc4+ 37. Ke4 Nxa3 38. Nf3 Nc4 39. Kd5 Ne3+
40. Ke5 Nc4+ 41. Kd5 Na5 42. Ne5+ Kf6 43. Ke4 Nb7 44. Ng4+ Kg5 45. Ne3 a5 46.
Kd5 b5 47. Ke6 b4 48. f6 b3 49. Nc4 a4 50. f7 Nd8+ 51. Kd5 Nxf7 52. Kxc5 Ne5
53. Na3 Nd3+ 54. Kc4 Ne1 55. Kb4 b2 56. Kxa4 b1=N 57. Nxb1 1/2-1/2

[Event "BL 1112 SV Wattenscheid - SK König Tege"]
[Site "Mülheim"]
[Date "2011.10.16"]
[Round "3.4"]
[White "Bogner, Sebastian"]
[Black "Muse, Mladen"]
[Result "1/2-1/2"]
[WhiteElo "2534"]
[BlackElo "2443"]
[PlyCount "113"]
[EventDate "2011.10.14"]

1. d4 Nf6 2. c4 g6 3. Nc3 Bg7 4. e4 d6 5. Nf3 O-O 6. Be2 c5 7. O-O cxd4 8. Nxd4
Nc6 9. Be3 Bd7 10. Nb3 Be6 11. f3 Nd7 12. Qd2 a5 13. Na4 b6 14. Rac1 Nc5 15.
Nc3 Ne5 16. Nd5 Nxb3 17. axb3 Nd7 18. b4 Bxd5 19. cxd5 axb4 20. Qxb4 Nc5 21.
Ra1 Ra5 22. Ra3 Qc7 23. Rfa1 Rfa8 24. R1a2 h5 25. g3 Kh7 26. Kg2 R8a7 27. Bd2
Kg8 28. Rxa5 bxa5 29. Qb5 Nd7 30. b3 Bd4 31. Qc6 Qb8 32. Rxa5 Ne5 33. Qb5 Qc7
34. Qe8+ Kg7 35. Rxa7 Qxa7 36. Qa4 Qb6 37. Qb5 Qa7 38. Qa4 Qc5 39. Qb4 Qa7 40.
Qa5 Qb8 41. b4 Bb6 42. Qa1 Kg8 43. Qc3 Ba7 44. Kh3 Kh7 45. f4 Nd7 46. Qc6 Nf6
47. Bf3 Bd4 48. b5 Qa7 49. Qc4 Qd7+ 50. Kg2 Qa7 51. Be1 Qa1 52. Qe2 Qb1 53. e5
Ng4 54. Bxg4 hxg4 55. Bf2 Qb3 56. Qxg4 Qa2 57. Qf3 1/2-1/2

[Event "BL 1112 SV Wattenscheid - SK König Tege"]
[Site "Mülheim"]
[Date "2011.10.16"]
[Round "3.5"]
[White "Breier, Andreas"]
[Black "Rustemov, Alexander"]
[Result "0-1"]
[WhiteElo "2400"]
[BlackElo "2537"]
[PlyCount "84"]
[EventDate "2011.10.14"]

1. d4 d5 2. c4 dxc4 3. e4 Nf6 4. e5 Nd5 5. Bxc4 Nb6 6. Bd3 Nc6 7. Ne2 Be6 8.
Nbc3 Qd7 9. Be3 O-O-O 10. O-O Bc4 11. Be4 e6 12. b3 Ba6 13. a3 f6 14. f4 f5 15.
Bf3 h6 16. g4 Ne7 17. Qc2 g6 18. h3 Kb8 19. Rfc1 c6 20. Na4 Ned5 21. Bf2 Bxe2
22. Nxb6 axb6 23. Qxe2 Nxf4 24. Qf1 fxg4 25. hxg4 h5 26. Be3 hxg4 27. Bxg4 Nd5
28. Bf2 Bh6 29. Re1 Bf4 30. Qg2 Rdf8 31. Bh3 Rh6 32. Rad1 Rfh8 33. Bg4 Qh7 34.
Bg3 Rh1+ 35. Kf2 Bxg3+ 36. Qxg3 Qf7+ 37. Ke2 R1h2+ 38. Kd3 Rg2 39. Qf3 Qxf3+
40. Bxf3 Rg3 41. Rf1 Rhh3 42. Ke4 Nc3+ 0-1

[Event "BL 1112 SV Wattenscheid - SK König Tege"]
[Site "Mülheim"]
[Date "2011.10.16"]
[Round "3.6"]
[White "Appel, Ralf"]
[Black "Muse, Drazen"]
[Result "1-0"]
[WhiteElo "2529"]
[BlackElo "2388"]
[PlyCount "109"]
[EventDate "2011.10.14"]

1. Nf3 g6 2. g3 Bg7 3. Bg2 e5 4. e4 c5 5. d3 Nc6 6. Nc3 Nge7 7. h4 h6 8. Nd2 d6
9. Nc4 Nd4 10. h5 g5 11. Ne3 Rb8 12. a4 a6 13. Ncd5 Nxd5 14. Nxd5 Be6 15. c3
Bxd5 16. exd5 Nf5 17. a5 Bf6 18. Qa4+ Kf8 19. Qg4 Ng7 20. Bh3 Be7 21. Qf3 Kg8
22. Be3 Qf8 23. g4 f5 24. gxf5 Qf6 25. Ra3 Kh7 26. Bg4 Rhf8 27. Qe4 Kh8 28. Rh3
Rf7 29. Rf3 Rc8 30. Kf1 Rc7 31. Kg2 Rf8 32. b4 cxb4 33. cxb4 Rfc8 34. b5 axb5
35. Rb3 Rc5 36. Bxc5 Rxc5 37. a6 bxa6 38. Ra3 Ne8 39. Rxa6 Nc7 40. Rc6 Rxc6 41.
dxc6 d5 42. Qe1 Qxc6 43. d4 e4 44. Rc3 Qb6 45. Qc1 Bd8 46. Rc6 Qxd4 47. Rd6 Be7
48. Rxh6+ Kg7 49. f6+ Kxh6 50. fxe7 Qc4 51. Qa1 d4 52. Qa6+ Nxa6 53. e8=Q Kg7
54. h6+ Kxh6 55. Qf8+ 1-0

[Event "BL 1112 SV Wattenscheid - SK König Tege"]
[Site "Mülheim"]
[Date "2011.10.16"]
[Round "3.8"]
[White "Hirneise, Tobias"]
[Black "Sarbok, Torsten"]
[Result "1/2-1/2"]
[WhiteElo "2446"]
[BlackElo "2349"]
[PlyCount "56"]
[EventDate "2011.10.14"]

1. e4 c6 2. d4 d5 3. Nc3 dxe4 4. Nxe4 Bf5 5. Ng3 Bg6 6. h4 h6 7. Nf3 Nd7 8. h5
Bh7 9. Bd3 Bxd3 10. Qxd3 Ngf6 11. Bd2 e6 12. O-O-O Qc7 13. Qe2 c5 14. Rhe1 Bd6
15. Ne4 O-O 16. dxc5 Bxc5 17. Nxf6+ Nxf6 18. Ne5 Rac8 19. c3 Nd5 20. Kb1 Bd6
21. g4 Rfe8 22. f3 a6 23. Rc1 Nb6 24. f4 Red8 25. Be3 Nd5 26. Bd2 Nb6 27. Be3
Nd5 28. Bd2 Nb6 1/2-1/2

[Event "BL 1112 Hansa Dortmund - USV TU Dresden"]
[Site "Mülheim"]
[Date "2011.10.16"]
[Round "3.2"]
[White "Miton, Kamil"]
[Black "Socko, Bartosz"]
[Result "1/2-1/2"]
[WhiteElo "2628"]
[BlackElo "2628"]
[PlyCount "116"]
[EventDate "2011.10.14"]

1. d4 Nf6 2. c4 g6 3. Nc3 Bg7 4. e4 d6 5. Be2 O-O 6. Bg5 Na6 7. f4 c6 8. Qd2
Nc7 9. Bf3 Nd7 10. Nge2 f5 11. exf5 gxf5 12. O-O Nf6 13. d5 e5 14. fxe5 dxe5
15. Ng3 cxd5 16. Nxd5 Be6 17. Nh5 Bxd5 18. cxd5 Nce8 19. Nxg7 Nxg7 20. d6 Kh8
21. Rad1 Ne6 22. Bh6 Rg8 23. Qc3 Nd4 24. Rxd4 exd4 25. Qxd4 Qb6 26. Be3 Qxd4
27. Bxd4 Kg7 28. d7 Kg6 29. Bxb7 Rad8 30. Bc6 Nxd7 31. Bd5 Rge8 32. Bxa7 Ne5
33. Bb3 Rd2 34. Be3 Rxb2 35. h3 Re2 36. Bd4 Nc6 37. Bb6 R8e5 38. Rf3 Kf6 39.
Rc3 Na5 40. Bd4 Nxb3 41. axb3 Ke6 42. Bxe5 Kxe5 43. Rc5+ Ke4 44. Rc4+ Ke5 45.
Rh4 Rb2 46. b4 f4 47. b5 Ke4 48. Rxh7 Rxb5 49. Kh2 Rb3 50. Rf7 Ra3 51. Rg7 Ra2
52. Re7+ Kf5 53. Rf7+ Kg5 54. Rg7+ Kf5 55. Rg8 Rb2 56. h4 f3 57. Rf8+ Kg4 58.
Rxf3 Kxh4 1/2-1/2

[Event "BL 1112 Hansa Dortmund - USV TU Dresden"]
[Site "Mülheim"]
[Date "2011.10.16"]
[Round "3.4"]
[White "Tikkanen, Hans"]
[Black "Maiwald, Jens-Uwe"]
[Result "1/2-1/2"]
[WhiteElo "2591"]
[BlackElo "2459"]
[PlyCount "143"]
[EventDate "2011.10.14"]

1. c4 g6 2. g3 Bg7 3. Bg2 Nf6 4. Nc3 O-O 5. e4 d6 6. Nge2 e5 7. O-O c5 8. d3
Nc6 9. f4 exf4 10. Nxf4 Ng4 11. Kh1 Nge5 12. h3 Rb8 13. Be3 a6 14. Qd2 b5 15.
cxb5 axb5 16. a3 b4 17. axb4 Nxb4 18. Ncd5 Nec6 19. Rab1 Ba6 20. Nxb4 Rxb4 21.
b3 Ne7 22. Qa2 Qb6 23. Bd2 Rb5 24. Ne2 Nc6 25. Bc3 Bxc3 26. Nxc3 Ra5 27. Qd2
Nb4 28. Rf3 Qc7 29. d4 cxd4 30. Qxd4 Qc5 31. Qd2 Rc8 32. Kh2 Bd3 33. Rc1 Qg5
34. Rf4 Rac5 35. Na2 Nxa2 36. Rxc5 Qxc5 37. Qxa2 Rc7 38. Qa4 Qe5 39. Qa8+ Kg7
40. Qb8 Rc2 41. Qa7 Rxg2+ 42. Kxg2 Bxe4+ 43. Kh2 Bd5 44. b4 g5 45. Rf1 Bc4 46.
Rf2 h5 47. Rd2 d5 48. Qd4 Qxd4 49. Rxd4 Kf6 50. Kg2 Ke5 51. Rd1 f5 52. Kf2 g4
53. h4 f4 54. Re1+ Kf5 55. Re8 fxg3+ 56. Kxg3 d4 57. Rc8 Bd5 58. Kf2 Kf4 59.
Rf8+ Ke4 60. b5 d3 61. b6 d2 62. Ke2 g3 63. Re8+ Kf4 64. Kxd2 g2 65. Re1 Kf3
66. Kd3 Kf2 67. Kd2 g1=Q 68. Rxg1 Kxg1 69. Ke3 Kg2 70. Kf4 Bf3 71. Kg5 Kg3 72.
b7 1/2-1/2

[Event "BL 1112 Hansa Dortmund - USV TU Dresden"]
[Site "Mülheim"]
[Date "2011.10.16"]
[Round "3.5"]
[White "Tischbierek, Raj"]
[Black "Henrichs, Thomas"]
[Result "1/2-1/2"]
[WhiteElo "2454"]
[BlackElo "2473"]
[PlyCount "90"]
[EventDate "2011.10.14"]

1. e4 c5 2. Nc3 a6 3. Nge2 d6 4. g3 Nf6 5. Bg2 Nc6 6. d4 cxd4 7. Nxd4 Bd7 8.
Nd5 e6 9. Nxf6+ Qxf6 10. Be3 Qd8 11. Nxc6 Bxc6 12. Bd4 e5 13. Be3 Be7 14. O-O
O-O 15. Qd3 Qc7 16. c4 b6 17. Rfe1 Qb7 18. a4 Rfc8 19. Bd2 Bd7 20. Bb4 Be6 21.
b3 Rc6 22. Red1 Bf8 23. h3 Rb8 24. Qe3 Be7 25. Ra2 Qc8 26. Kh2 Bf8 27. Rad2 Qc7
28. Rd3 h6 29. Qd2 b5 30. cxb5 axb5 31. a5 Rc2 32. Qe1 Qa7 33. R1d2 Rbc8 34.
Qe2 Rc1 35. Bf3 Qa8 36. Bg4 f5 37. Bf3 fxe4 38. Qxe4 Qxe4 39. Bxe4 d5 40. Bxf8
dxe4 41. Rd8 Rxd8 42. Rxd8 Kf7 43. b4 Rc8 44. Rxc8 Bxc8 45. Bc5 h5 1/2-1/2

[Event "BL 1112 Hansa Dortmund - USV TU Dresden"]
[Site "Mülheim"]
[Date "2011.10.16"]
[Round "3.6"]
[White "Kasparov, Sergey"]
[Black "Uhlmann, Wolfgang"]
[Result "1/2-1/2"]
[WhiteElo "2521"]
[BlackElo "2379"]
[PlyCount "80"]
[EventDate "2011.10.14"]

1. e4 e6 2. d4 d5 3. Nd2 c5 4. exd5 exd5 5. Bb5+ Bd7 6. Bxd7+ Nxd7 7. Ngf3 Ngf6
8. O-O Be7 9. dxc5 Nxc5 10. Nd4 Qd7 11. N2b3 O-O 12. Be3 Rfe8 13. f3 Na4 14.
Rb1 Ba3 15. bxa3 Rxe3 16. Qd2 Rae8 17. Rbe1 R3e7 18. Qb4 Rxe1 19. Rxe1 b6 20.
Kf1 a5 21. Rxe8+ Nxe8 22. Qb5 Qxb5+ 23. Nxb5 Kf8 24. Ke2 Ke7 25. Kd3 Kd7 26.
N3d4 g6 27. Ne2 Kc6 28. Nbd4+ Kc5 29. g4 Nd6 30. Nb3+ Kc6 31. Nbd4+ Kd7 32. Nf4
Nb2+ 33. Ke2 Ndc4 34. Nxd5 Kd6 35. Ne3 Nxa3 36. f4 Na4 37. Kd3 Nc5+ 38. Kc3
Nb1+ 39. Kc4 Na3+ 40. Kc3 Nb1+ 1/2-1/2

[Event "BL 1112 Hansa Dortmund - USV TU Dresden"]
[Site "Mülheim"]
[Date "2011.10.16"]
[Round "3.7"]
[White "Gauglitz, Gernot"]
[Black "Schmittdiel, Eckhard"]
[Result "0-1"]
[WhiteElo "2406"]
[BlackElo "2466"]
[PlyCount "68"]
[EventDate "2011.10.14"]

1. d4 e6 2. c4 f5 3. g3 Nf6 4. Bg2 c6 5. Nh3 d6 6. Nc3 Qc7 7. O-O Be7 8. e4 e5
9. Re1 O-O 10. dxe5 dxe5 11. Qe2 f4 12. gxf4 Bg4 13. f3 Bxh3 14. Bxh3 exf4 15.
e5 Nfd7 16. e6 Nf6 17. Kh1 Na6 18. Bd2 Rad8 19. Rad1 Nc5 20. Bf5 Ne8 21. Bc2
Rd6 22. b4 Rxe6 23. Qg2 Rxe1+ 24. Rxe1 Na6 25. Qh3 g6 26. Qe6+ Rf7 27. c5 Ng7
28. Qe4 Bh4 29. Re2 Rf8 30. Bb3+ Kh8 31. Qc4 Qd7 32. Kg2 Nc7 33. Bxf4 Qf5 34.
Re4 g5 0-1

[Event "BL 1112 Hansa Dortmund - USV TU Dresden"]
[Site "Mülheim"]
[Date "2011.10.16"]
[Round "3.8"]
[White "Zelbel, Patrick"]
[Black "Loxine, Jakow"]
[Result "0-1"]
[WhiteElo "2408"]
[BlackElo "2399"]
[PlyCount "144"]
[EventDate "2011.10.14"]

1. e4 e6 2. d4 d5 3. Nd2 Nf6 4. e5 Nfd7 5. Bd3 c5 6. c3 Nc6 7. Ne2 cxd4 8. cxd4
f6 9. exf6 Qxf6 10. Nf3 h6 11. O-O Bd6 12. Ng3 O-O 13. Bc2 Rf7 14. Re1 Nf8 15.
Nh5 Qd8 16. Ne5 Nxe5 17. dxe5 Bc5 18. Be3 Qb6 19. Bxc5 Qxc5 20. Qd2 Bd7 21.
Rac1 Qe7 22. f4 Qh4 23. Bd1 Ng6 24. g3 Qd8 25. Bc2 Nf8 26. Qd4 Qb6 27. Qxb6
axb6 28. a3 Bc6 29. Red1 Rc7 30. Bb3 Rac8 31. g4 Nd7 32. Ng3 Nc5 33. Ba2 Ba4
34. Rd4 Bb3 35. Bxb3 Nxb3 36. Rxc7 Rxc7 37. Rb4 Rc1+ 38. Kg2 Rc2+ 39. Kh3 Nc5
40. Nh5 Ne4 41. Rxb6 d4 42. Rb4 Nf2+ 43. Kg3 d3 44. Rxb7 d2 45. Rxg7+ Kf8 46.
Rd7 d1=Q 47. Rxd1 Nxd1 48. f5 Nxb2 49. Nf4 exf5 50. gxf5 Nd3 51. Ng6+ Kg7 52.
Kf3 Rf2+ 53. Ke4 Nc5+ 54. Kd5 Rxf5 55. Ne7 Rf7 56. Nc6 Nb7 57. a4 Rd7+ 58. Kc4
Kf7 59. a5 Nxa5+ 60. Nxa5 Ke6 61. Nc6 Rd1 62. Kc5 h5 63. Kc4 Rc1+ 64. Kb5 Kd5
65. Nb4+ Ke6 66. Nd3 Rc2 67. h4 Kf5 68. e6 Kxe6 69. Nf4+ Kf5 70. Nxh5 Rg2 71.
Kc5 Rg4 72. Kd5 Kg6 0-1